[Event "Hessen-ch U14"]
[Site "Bad Homburg"]
[Date "2012.??.??"]
[Round "5"]
[White "Kasper, Johannes"]
[Black "Mueller, Michael8888"]
[Result "1-0"]
[WhiteElo "855"]
[BlackElo "1015"]
[PlyCount "101"]
[EventDate "2012.04.??"]
[EventType "swiss"]
[EventRounds "9"]
[EventCountry "GER"]
[SourceTitle "EXT 2015"]
[Source "ChessBase"]
[SourceDate "2014.11.20"]
[SourceVersion "1"]
[SourceVersionDate "2014.11.20"]
[SourceQuality "1"]

1. Nf3 Nc6 2. b3 e6 3. Bb2 f6 4. e4 d5 5. Nc3 dxe4 6. Nxe4 a6 7. Qe2 Nb4 8. Qc4 b5 9. Qc3 Rb8 10. Nd4 Rb6 11. a3 Nd5 12. Qf3 e5 13. Nf5 Nde7 14. Nxe7 Qxe7 15. Nc3 Qd8 16. Bd3 Bb7 17. Be4 Bxe4 18. Qxe4 Rd6 19. 0-0-0 Rd4 20. Qc6+ Qd7 21. Qa8+ Qd8 22. Qxa6 b4 23. axb4 Bxb4 24. Qe6+ Ne7 25. d3 Rd6 26. Qc4 Bxc3 27. Bxc3 Rc6 28. Qb5 0-0 29. Bb4 Rb6 30. Qc4+ Kh8 31. Bxe7 Qxe7 32. d4 e4 33. Rhe1 f5 34. f3 Qg5+ 35. Kb2 Qf4 36. fxe4 fxe4 37. g3 Qd6 38. Rxe4 h6 39. Qc5 Qd8 40. Qe7 Qxe7 41. Rxe7 Rf2 42. Rxc7 Rxh2 43. d5 Kg8 44. d6 Kf8 45. Rc8+ Kf7 46. d7 g5 47. d8Q Kg6 48. Qxb6+ Kh5 49. Rd4 Rh3 50. Rh8 Rxg3 51. Qxh6# 1-0

[Event "Hessen-ch U14"]
[Site "Bad Homburg"]
[Date "2012.??.??"]
[Round "8"]
[White "Kasper, Johannes"]
[Black "Scherer, Jannik"]
[Result "0-1"]
[WhiteElo "855"]
[BlackElo "1118"]
[PlyCount "106"]
[EventDate "2012.04.??"]
[EventType "swiss"]
[EventRounds "9"]
[EventCountry "GER"]
[SourceTitle "EXT 2015"]
[Source "ChessBase"]
[SourceDate "2014.11.20"]
[SourceVersion "1"]
[SourceVersionDate "2014.11.20"]
[SourceQuality "1"]

1. Nf3 Nc6 2. b3 d6 3. Bb2 e5 4. e4 Nf6 5. Nc3 g6 6. Bb5 Bg7 7. d3 0-0 8. a3 Ne7 9. a4 c6 10. Bc4 d5 11. Nxe5 dxc4 12. Nxc4 b6 13. h3 Bb7 14. a5 b5 15. a6 bxc4 16. axb7 Rb8 17. Rxa7 cxb3 18. cxb3 Qc7 19. Qf3 Rxb7 20. Rxb7 Qxb7 21. e5 Nfd5 22. Nxd5 Nxd5 23. d4 Rb8 24. 0-0 Qxb3 25. Qxb3 Rxb3 26. Rc1 Rxb2 27. Rxc6 Rd2 28. Rc4 Nf4 29. g3 Ne2+ 30. Kf1 Rxd4 31. Rc8+ Bf8 32. Kxe2 Re4+ 33. Kf3 Rxe5 34. Kf4 Rf5+ 35. Ke3 Kg7 36. f4 Rc5 37. Rxc5 Bxc5+ 38. Ke4 Kf6 39. g4 h6 40. Kd5 h5 41. Kxc5 hxg4 42. hxg4 g5 43. f5 Ke5 44. f6 Kxf6 45. Kd4 Ke6 46. Ke4 f6 47. Kf3 f5 48. Kg3 f4+ 49. Kf2 Ke5 50. Kf3 Kd4 51. Kg2 Ke3 52. Kf1 Kf3 53. Kg1 Ke2 0-1